[Event "Schwarzach op-C 20th"]
[Site "Schwarzach"]
[Date "2005.08.20"]
[Round "1.2"]
[White "Nieke, Karl Friedrich"]
[Black "Enigl, Peter"]
[Result "1/2-1/2"]
[WhiteElo "1621"]
[BlackElo "1426"]
[PlyCount "83"]
[EventDate "2005.08.20"]
[EventType "swiss"]
[EventRounds "9"]
[EventCountry "AUT"]
[SourceTitle "EXT 2024"]
[Source "ChessBase"]
[SourceDate "2023.10.10"]
[SourceVersion "1"]
[SourceVersionDate "2023.10.10"]
[SourceQuality "1"]

1. d4 d5 2. Nf3 Nf6 3. Bf4 Bf5 4. e3 e6 5. Bd3 Bxd3 6. Qxd3 c5 7. Qb5+ Qd7 8. Qxd7+ Nbxd7 9. Nbd2 Be7 10. 0-0-0 Rc8 11. h3 0-0 12. Ne5 Nxe5 13. dxe5 Nd7 14. Nf3 Rc6 15. h4 h6 16. g4 f6 17. Rd2 fxe5 18. Nxe5 Nxe5 19. Bxe5 Bd6 20. Bxd6 Rxd6 21. f4 Ra6 22. a3 Ra4 23. Rg2 d4 24. g5 h5 25. g6 dxe3 26. Rg5 Raxf4 27. Kd1 R8f5 28. Ke2 Rf2+ 29. Kxe3 Rxc2 30. Rxf5 exf5 31. Rd1 Kf8 32. Rd8+ Ke7 33. Rc8 Kf6 34. Rc7 Rxb2 35. Rxc5 Rb3+ 36. Kf4 Rxa3 37. Rxf5+ Kxg6 38. Rg5+ Kf6 39. Rxh5 Ra4+ 40. Ke3 Ra3+ 41. Kf4 Ra4+ 42. Ke3 1/2-1/2